Pakistan journal of pathology a journal of the Pakistan Association of Pathologists.

Detalles Bibliográficos
Autor Corporativo: Pakistan Association of Pathologists
Formato: Electrónico Revista
Lenguaje:inglés
Publicado: [Rawalpindi] : Pakistan Association of Pathologists, [1990]-
Materias:
Acceso en línea:Full text available from Research Library: 04/01/2010 to 10/31/2011

MARC

LEADER 00000nas a2200000 a 4500
001 ssj0000502663
003 WaSeSS
005 20200512172242.0
006 m d
007 cr n
008 981016c19909999pk qr p s 0 0eng
010 |a  2005243508 
016 7 |a 9425966  |2 DNLM 
016 7 |a SR0069049  |2 DNLM 
022 |l 1024-6193  |y 1024-6193 
035 |a (WaSeSS)ssj0000502663 
040 |a NLM  |b eng  |c NLM  |d OCLCQ  |d CDS  |d OCLCQ  |d OCLCF  |d OCLCO  |d OCLCQ  |d OCLCO  |d CUS  |d WaSeSS 
042 |a pcc 
050 4 |a RB1 
060 0 0 |a W1  |b PA536L 
245 0 0 |a Pakistan journal of pathology  |h [electronic resource] :  |b a journal of the Pakistan Association of Pathologists. 
260 |a [Rawalpindi] :  |b Pakistan Association of Pathologists,  |c [1990]- 
310 |a Quarterly,  |b <2004-> 
321 |a Semiannual,  |b 1990-<2000> 
362 0 |a Vol. 1, no. 1 (Jan./June 1990)- 
500 |a Title from cover. 
506 |a License restrictions may limit access. 
588 |a Latest issue consulted: Vol. 15, no. 4 (Dec. 2004). 
650 0 |a Pathology  |v Periodicals. 
650 1 2 |a Pathology. 
650 7 |a Pathology.  |2 fast  |0 (OCoLC)fst01054964 
655 0 |a Electronic journals. 
710 2 |a Pakistan Association of Pathologists. 
850 |a DNLM 
856 4 0 |z Full text available from Research Library: 04/01/2010 to 10/31/2011  |u https://search.proquest.com/publication/616541